00480 2200193 4500001002100000005001500021035002000036245003400056100001300090250000600103300003500109856004500144260003100189082000800220084001400228020002200242650001000264990001200274INLIS00000000000197620250526100006 a0010-05250002681 aLiburan Tanpa Dia /cSue Limb0 aSue Limb a1 a264 :bIlust ;c13,5 x 19,5 cm aRuang Baca Umum No Klas 800 ( Rak 3,4,5) aJakarta :bGramedia,c2009 a813 a813 SUE l a978-979-22-4716-9 4aFiksi a0754538